<?xml version="1.0" encoding="UTF-8"?>
<record
    xmlns:xsi="http://www.w3.org/2001/XMLSchema-instance"
    xsi:schemaLocation="http://www.loc.gov/MARC21/slim http://www.loc.gov/standards/marcxml/schema/MARC21slim.xsd"
    xmlns="http://www.loc.gov/MARC21/slim">

  <leader>00844nam a2200229Ia 4500</leader>
  <controlfield tag="005">20230317012542.0</controlfield>
  <controlfield tag="008">230303t2005||||xx |||||||||||||| ||und||</controlfield>
  <datafield tag="040" ind1=" " ind2=" ">
    <subfield code="a">ODONTO</subfield>
    <subfield code="b">spa</subfield>
    <subfield code="c">ODONTO</subfield>
    <subfield code="d">ODONTO</subfield>
  </datafield>
  <datafield tag="041" ind1=" " ind2=" ">
    <subfield code="a">esp</subfield>
  </datafield>
  <datafield tag="082" ind1=" " ind2=" ">
    <subfield code="a">614.44 A338</subfield>
  </datafield>
  <datafield tag="100" ind1=" " ind2=" ">
    <subfield code="a">Albizu Beristain, Jos&#xE9; Luis</subfield>
    <subfield code="9">3426</subfield>
  </datafield>
  <datafield tag="245" ind1=" " ind2="0">
    <subfield code="a">El efecto Guatemala </subfield>
    <subfield code="b">: un viaje con las promotoras y los promotores de salud a trav&#xE9;s de la vida /</subfield>
    <subfield code="c">Jos&#xE9; Luis Albiz&#xFA; Berestain. --</subfield>
  </datafield>
  <datafield tag="260" ind1=" " ind2=" ">
    <subfield code="a">Guatemala :</subfield>
    <subfield code="b">Magna Terra,</subfield>
    <subfield code="c">2005.</subfield>
  </datafield>
  <datafield tag="300" ind1=" " ind2=" ">
    <subfield code="a">345 p. :</subfield>
    <subfield code="b">il. ;</subfield>
    <subfield code="c">28 cm.</subfield>
  </datafield>
  <datafield tag="650" ind1="0" ind2="2">
    <subfield code="a">Medicina preventiva</subfield>
    <subfield code="9">2865</subfield>
  </datafield>
  <datafield tag="650" ind1="0" ind2="2">
    <subfield code="a">Servicios de salud para la comunidad</subfield>
    <subfield code="9">3748</subfield>
  </datafield>
  <datafield tag="650" ind1="0" ind2="2">
    <subfield code="a">Medicina socializada</subfield>
  </datafield>
  <datafield tag="650" ind1="0" ind2="2">
    <subfield code="a">Trabajadores de salud rural</subfield>
    <subfield code="9">3749</subfield>
  </datafield>
  <datafield tag="650" ind1="0" ind2="2">
    <subfield code="a">Promotores</subfield>
    <subfield code="9">3750</subfield>
  </datafield>
  <datafield tag="650" ind1="0" ind2="2">
    <subfield code="a">Salud p&#xFA;blica</subfield>
    <subfield code="9">2027</subfield>
  </datafield>
  <datafield tag="942" ind1=" " ind2=" ">
    <subfield code="a">Biblioteca de Odontolog&#xED;a</subfield>
    <subfield code="c">BK</subfield>
    <subfield code="n">0</subfield>
    <subfield code="k">614.44 A338</subfield>
    <subfield code="2">ddc</subfield>
  </datafield>
  <datafield tag="999" ind1=" " ind2=" ">
    <subfield code="c">1164</subfield>
    <subfield code="d">1164</subfield>
  </datafield>
  <datafield tag="952" ind1=" " ind2=" ">
    <subfield code="0">0</subfield>
    <subfield code="1">0</subfield>
    <subfield code="2">ddc</subfield>
    <subfield code="4">0</subfield>
    <subfield code="7">0</subfield>
    <subfield code="a">ODONTO</subfield>
    <subfield code="b">ODONTO</subfield>
    <subfield code="c">GEN</subfield>
    <subfield code="d">2005-01-20</subfield>
    <subfield code="e">Magna Terra</subfield>
    <subfield code="i">10-H-s.n.</subfield>
    <subfield code="o">614.44 A338</subfield>
    <subfield code="p">L00002125</subfield>
    <subfield code="r">2023-03-03 00:00:00</subfield>
    <subfield code="y">BK</subfield>
    <subfield code="z">Consulta en sala</subfield>
  </datafield>
</record>
